000 00791nam a22001697a 4500
999 _c15063
_d15063
003 OSt
082 _2631.3 ANU/DE
088 _aT 103
100 _aANU RAY MATHEW
_92463
245 _aDevelopment and field evaluation of a cardamom polishing machine
260 _aTavanur 1999
_bKelappaji College of Agricultural Engineering and Technology
300 _a96
500 _aDevelopment and field evaluation of a cardamom polishing machine
520 _aThis study showed that the parameters drumspeed, feed/batch and retention time had significant influence on cleaning efficiency, s[lit percentage and energy consumption. The physical properties of cardamom along with their dependence on moisture content were also studied.
700 _aProf. C. P Muhammad (Guide)
_92457
942 _cTH